000 00478nam a2200181Ia 4500
001 23952
005 20260414151011.0
008 260414t2019||||xx |||||||||||||| ||spa||
041 _aESP
082 _a726.5
_bN36
100 _aNegro, Sandra,
_eAUT
245 0 _aEl patrimonio arquitectónico como expresión del imaginario cultural en el Perú
_b
260 _c2019
300 _axxxvi, 313 páginas :
_c\N
650 _aABD
654 _aCAU
942 _cLIB
_dJUS
_fJUS
_2ddc
_n
999 _c23952
_d23952